000
00321nam a22001457a 4500
003
SGT
020
_a
938426651-5
082
_a
302.2
_b
TAN
100
_a
TANWAR, PRATEEK
245
_a
COMMUNICATION SKILLS
260
_a
INDIA
_b
BIRLA PUB.
_c
2026
300
_a
136
650
_a
COMMUNICATION SKILLS
942
_2
ddc
_c
BK
999
_c
33020
_d
33020